Departament d'Orientació i Planificació Familiar = Departamento de Orientación y Planificación Familiar / Diputació de Barcelona
Descripción Física:
1 tríptic ; 21 cm
MARC
| LEADER | 00000nam a2200000Ia 4500 | ||
|---|---|---|---|
| 001 | 15887 | ||
| 008 | 160829s9999 xx 000 0 cat d | ||
| 080 | |a FU-40-37 | ||
| 110 | 1 | |a Barcelona (Catalunya : Província). |b Departament d'Orientació i Planificació Familiar |9 53911 | |
| 245 | |a Departament d'Orientació i Planificació Familiar = Departamento de Orientación y Planificación Familiar / Diputació de Barcelona | ||
| 260 | |a [Barcelona] : |b Casa Caritat, D.L.1983 | ||
| 300 | |a 1 tríptic ; |c 21 cm | ||
| 590 | |a Text en català i castellà. | ||
| 590 | |a Prové de 4709, exp. Serveis de planificació familiar. | ||
| 610 | 1 | 0 | |a Barcelona (Catalunya : Província). |b Departament d'Orientació i Planificació Familiar |9 53911 |
| 901 | |a Arxiu | ||
| 942 | |n 1 | ||
| 952 | |0 0 |1 0 |4 0 |6 FU4037 |7 1 |9 50898 |a Arxiu |b Arxiu |d 2016-12-01 |l 0 |o FU-40-37 |p 15887 |r 2016-12-01 00:00:00 |w 2016-12-01 |y ARXIU | ||
| 999 | |c 54740 |d 54740 | ||